| 000 | 01109cam a2200337 i 4500 | ||
|---|---|---|---|
| 001 | 41292 | ||
| 003 | Mx-PuUPA | ||
| 005 | 20251015102204.0 | ||
| 008 | 140415s1999 mx gr 001 0 spa d | ||
| 020 | _a9687943149 | ||
| 040 |
_cMx-PuUPA _bspa _dMx-PuUPA _erda |
||
| 041 | 0 | _aspa | |
| 043 | _acl----- | ||
| 100 | 1 |
_aSánchez Vázquez, Adolfo, _d1915-2011 _910796 |
|
| 245 | 1 | 3 |
_aDe Marx al marxismo en América Latina / _bAdolfo Sánchez Vázquez |
| 250 | _aPrimera edición | ||
| 264 | 1 |
_aMéxico, D.F. : _bEditorial Itaca, _c1999 |
|
| 300 |
_a263 páginas ; _c17 cm |
||
| 336 |
_2rdacontent _atexto _btxt |
||
| 337 |
_2rdamedia _asin medio _bn |
||
| 338 |
_2rdacarrier _avolumen _bnc |
||
| 490 | 0 | _aEnsayo | |
| 600 | 1 | 0 |
_aMarx, Karl, _d1818-1883 _93607 _vCrítica e interpretación |
| 650 | 7 |
_2armarc _aComunismo _x _zAmérica Latina |
|
| 650 | 7 |
_2armarc _aSocialismo _zAmérica Latina |
|
| 650 | 7 |
_2armarc _aFilosofía marxista _zAmérica Latina |
|
| 942 |
_2ddc _cLI _h335.4 _iS54 |
||
| 999 |
_c41292 _d41292 |
||